Badly Described Films 2020 - Statistics

General Stats
  • This quiz has been taken 157 times
  • The average score is 4 of 15
Answer Stats
Hint Answer % Correct
Who looked at that animal and thought 'you know, if you were blue I bet you could run reeeal fast' Sonic the Hedgehog
81%
Who knew that Eleven, after the events of Stranger Things, would go on to be detective? Enola Holmes
63%
What were your favourite parts of the original? The animation? The songs? The talking dragon? Right, then let's redo it, but without any of that. Mulan
41%
'They told me I couldn't make anything more convoluted than Inception. But I'll show them... I'll show them...' He said as he wrote two words on his piece of paper: Pincer Manoeuvre. Tenet
39%
Every American history teacher from hear on out will recite all their lessons in the form of rap Hamilton
36%
Frances McDormand gets another Oscar for portraying yet another depiction of a character completely foreign to anyone in Hollywood: Just a normal person. Nomadland
26%
Groundhog Day but California Palm Springs
20%
Let's try to indict Rudy Giuliani: The Movie Borat Subsequent Movie Film
13%
Robert Pattinson wanted to play a more hateable character than Edward Cullen,a nd goes absolutely mental The Devil All the Time
13%
- I've written a film about a famous writer, famous for Citizen Kane.- Great, I can't wait to see a film about Orson Welles. - Well, not exactly. - Well then who in God's name is that? Mank
10%
If I had to be a teacher, I too would choose to be inebriated constantly. Another Round
8%
Wealthy, entitled woman trying to find someone that will love her as much as she loves herself. Emma
6%
No! I can't die! I'll miss my concert! Soul
5%
I think you should sign a waiver to say 'I agree that I would like to say a naked old guy walking behind a pig within the next 2 hours' though probably not the weirdest thing in this film. I'm Thinking of Ending Things
2%
A lot of murders you literally didn't see coming Invisible Man
2%
No matching quizzes found
Score Distribution
Percent of People with Each Score
Percentile by Number Answered
Your Score History
You have not taken this quiz